000 00572cam a2200205 4500500
005 20260329002502.0
041 _afre
042 _adc
100 1 0 _aRusch, Pierre
_eauthor
245 0 0 _aLe spectre du capital
260 _c2012.
500 _a48
690 _aAliƩnation
690 _aCapital
690 _aMarchandise
690 _aMarx
690 _aTravail
786 0 _nPhilosophie magazine | 62 | 9 | 2012-09-01 | p. 36-37 | 1951-1787
856 4 1 _uhttps://shs.cairn.info/magazine-philosophie-magazine-2012-9-page-36?lang=fr&redirect-ssocas=7080
999 _c1815448
_d1815448